Das amerikanische Drama der dreisiger Jahre
| Main Author: | |
|---|---|
| Format: | Book |
| Language: | English |
| PhysicalDescription: | 405 s. |
| Published: |
Berlin
R & L
1966
|
MARC
| LEADER | 00000nam a2200000 a 4500 | ||
|---|---|---|---|
| 001 | vtls010303309 | ||
| 003 | SK-MaSNL | ||
| 005 | 20260302011858.0 | ||
| 008 | 240318 000 0 eng | ||
| 040 | |a SNK |b slo |c SNK |e AACR2 | ||
| 100 | 1 | |a Brüning, Eberhard |4 aut |9 652989 | |
| 245 | 1 | 4 | |a Das amerikanische Drama der dreisiger Jahre |
| 260 | |a Berlin |b R & L |c 1966 | ||
| 300 | |a 405 s. | ||
| 999 | |c 1007694 |d 1009624 | ||
| 952 | |a SNK |b SNK |y VYP |7 0 |p 17A0708559 |o snkIC 40842 |i snkK 335/67 |8 3 |3 rekatalogizácia |0 0 |1 0 |4 0 |d 2011-08-12 |l 0 |r 2026-02-24 12:41:19 |w 2026-02-24 | ||


